| 000 | 00520nam a22001697a 4500 | ||
|---|---|---|---|
| 003 | SGT | ||
| 020 | _a9789339205157 | ||
| 082 | _a515.9,BRO | ||
| 100 | _aBROWN JAMES WARD BROWN | ||
| 245 | _aCOMPLEX VARIABLES AND APPLICATIONS | ||
| 250 | _a8TH | ||
| 260 |
_aNEW DELHI _bT M H _c2015 |
||
| 300 | _a468 | ||
| 650 | _aCOMPLEX VARIABLES | ||
| 653 | _aCOMPLEX NUMBERS,ANALYTIC FUNCTIONS,ELEMENTARY FUNCTIONS, INTEGRALS,SERIES, RESIDUES AND POLES, APPLICATIONS OF RESIDUES, MAPPING BY ELEMENTARY | ||
| 942 |
_2ddc _cFPS _02 |
||
| 999 |
_c9245 _d9245 |
||